US Cities Beginning With T and Over 100000 Population - Statistics

General Stats
  • This quiz has been taken 78 times
  • The average score is 6 of 11
Answer Stats
Pop Answer % Correct
171992 Tallahassee
81%
541811 Tucson
81%
385635 Tulsa
77%
340882 Tampa
74%
293201 Toledo
70%
123446 Topeka
55%
197181 Tacoma
51%
175523 Tempe
38%
140820 Torrance
28%
113429 Thornton
20%
123091 Thousand Oaks
19%
No matching quizzes found
Score Distribution
Percent of People with Each Score
Percentile by Number Answered
Your Score History
You have not taken this quiz